000 00740nam a2200217Ii 4500
003 JO-AjNU
008 230605s9999||||xx |||||||||||||| ||und||
040 _aJO-AjNU
_bara
_erda
_cJO-AjNU
041 _aara
050 1 4 _aQA135.5.A92 1986
100 3 _aمحمد ، عواطف ابراهيم,
_eauthor
_938711
245 0 0 _aتعلم الطفل الرياضيات الحديثة عن طريق النشاط
250 _aط4
264 3 1 _aالقاهرة:دار النهضة العربية ،1986
300 _a90ص
336 _atext
_btxt
_2rdacontent
337 _aunmediated
_bn
_2rdamedia
338 _avolume
_bnc
_2rdacarrier
490 0 _aكتب في تدريس الرياضيات
650 4 _aالرياضيات -تعلم
_938712
999 _aA16287
_c19855
_d19855